ADVANCED INTEGRAL CALCULAS (Record no. 5580)

MARC details
000 -LEADER
fixed length control field 00340nam a22001457a 4500
005 - DATE AND TIME OF LATEST TRANSACTION
control field 20170916123003.0
008 - FIXED-LENGTH DATA ELEMENTS--GENERAL INFORMATION
fixed length control field 170916b xxu||||| |||| 00| 0 eng d
041 ## - LANGUAGE CODE
Language code of text/sound track or separate title eng
082 ## - DEWEY DECIMAL CLASSIFICATION NUMBER
Classification number 515.43
100 ## - MAIN ENTRY--AUTHOR NAME
Personal name AGARWAL, D.C.
245 ## - TITLE STATEMENT
Title ADVANCED INTEGRAL CALCULAS
260 ## - PUBLICATION, DISTRIBUTION, ETC. (IMPRINT)
Place of publication MEERUT
Name of publisher KRISHNA PRAKASHAN
300 ## - PHYSICAL DESCRIPTION
Number of Pages 334p.
942 ## - ADDED ENTRY ELEMENTS (KOHA)
Koha item type Books
Holdings
Lost status Damaged status Collection code Home library Current library Shelving location Date acquired Source of acquisition Cost, normal purchase price Full call number Accession Number Koha item type
    CS/IT JRU Library   SHELF-57-C 16/09/2017 PURCHESS 225.00 515.43 21966 Books
    CS/IT JRU Library   SHELF-57-C 16/09/2017 PURCHESS 225.00 515.43 21967 Books
    CS/IT JRU Library   SHELF-57-C 16/09/2017 PURCHESS 225.00 515.43 21968 Books
    CS/IT JRU Library   SHELF-57-C 16/09/2017 PURCHESS 225.00 515.43 21969 Books
    CS/IT JRU Library   SHELF-57-C 16/09/2017 PURCHESS 225.00 515.43 21970 Books